Prístupy ku klasifikácii poradenskej činnosti

Podstata služieb a ich význam. Klasifikácia služieb. Základná klasifikácia odvetví terciárneho sektora podľa NACE. Poradenské služby a subjekty poradenstva. Klasifikácia poradenských služieb. Zoznam odporúčaných voľných živností a ich bližšie obsahové vymedzenie - poradenské služby.

Gespeichert in:
Bibliographische Detailangaben
1. Verfasser: Hanuláková, Eva, 1964-
Weitere Verfasser: Paráková, Romana
Format: Buchkapitel
Sprache:Slowakisch
Schlagworte:
Tags: Tag hinzufügen
Keine Tags, Fügen Sie das erste Tag hinzu!

MARC

LEADER 00000naa$a2200000$$$4500
001 0179163
005 20240502073037.9
041 0 |a slo 
044 |a SK 
245 1 0 |a Prístupy ku klasifikácii poradenskej činnosti  |c Eva Hanuláková, Romana Paráková 
520 |a Podstata služieb a ich význam. Klasifikácia služieb. Základná klasifikácia odvetví terciárneho sektora podľa NACE. Poradenské služby a subjekty poradenstva. Klasifikácia poradenských služieb. Zoznam odporúčaných voľných živností a ich bližšie obsahové vymedzenie - poradenské služby. 
610 2 0 |a služby 
610 2 0 |a poradenstvo 
610 2 0 |a služby informačné 
610 2 0 |a živnosti 
610 2 0 |a sektor terciárny 
610 2 0 |a legislatíva 
610 2 0 |a OKEČ 
100 1 |a Hanuláková, Eva, 1964- 
700 1 |a Paráková, Romana